[Event "WSTCC-65 2020"]
[Site "Prague"]
[Date "2020.03.09"]
[Round "4.22"]
[White "Baum, Bernd"]
[Black "Kradolfer, Georg"]
[Result "1-0"]
[WhiteElo "2249"]
[BlackElo "1991"]
[Annotator "ChessBase"]
[PlyCount "73"]
[EventDate "2020.03.06"]
[EventType "team-tourn"]
[EventCountry "CZE"]
[SourceTitle "playchess.com"]
[Source "ChessBase"]
[SourceQuality "1"]
[TimeControl "40/5400+30:1800+30"]

1. c4 {[%emt 0:00:23]} c5 {[%emt 0:00:07]} 2. Nf3 {[%emt 0:00:18]} Nf6 {[%emt 0:00:30]} 3. g3 {[%emt 0:01:24]} Nc6 {[%emt 0:00:47]} 4. Bg2 {[%emt 0:00:42]} d5 {[%emt 0:01:16]} 5. cxd5 {[%emt 0:00:37]} Nxd5 {[%emt 0:00:12]} 6. Nc3 {[%emt 0:00:55]} Nxc3 {[%emt 0:03:40]} 7. bxc3 {[%emt 0:00:43]} e5 {[%emt 0:00:45]} 8. d3 {[%emt 0:00:47]} Be7 {[%emt 0:00:30]} 9. O-O {[%emt 0:00:26]} O-O {[%emt 0:00:18]} 10. Rb1 {[%emt 0:05:55]} Rb8 {[%emt 0:01:43]} 11. Nd2 {[%emt 0:02:53]} Be6 {[%emt 0:04:36]} 12. Qa4 {[%emt 0:00:59]} Bd7 {[%emt 0:03:22]} 13. Qc2 {[%emt 0:02:35]} Qc7 {[%emt 0:06:33]} 14. Nc4 {[%emt 0:02:46]} f6 {[%emt 0:08:51]} 15. f4 {[%emt 0:04:31]} b5 {[%emt 0:05:17]} 16. Ne3 {[%emt 0:01:05]} Be6 {[%emt 0:04:30]} 17. Nd5 {[%emt 0:04:44]} Qd7 {[%emt 0:02:24]} 18. e4 {[%emt 0:02:20]} Bd6 {[%emt 0:07:50]} 19. f5 {[%emt 0:12:07]} Bf7 {[%emt 0:00:15]} 20. g4 {[%emt 0:01:26]} c4 {[%emt 0:21:02]} 21. Be3 {[%emt 0:05:11]} Bxd5 {[%emt 0:02:21]} 22. exd5 {[%emt 0:00:04]} Ne7 {[%emt 0:00:11]} 23. dxc4 {[%emt 0:05:31]} bxc4 {[%emt 0:00:20]} 24. Qf2 {[%emt 0:01:03]} Rxb1 {[%emt 0:01:37]} 25. Rxb1 {[%emt 0:00:03]} Rb8 {[%emt 0:00:19]} 26. Rxb8+ {[%emt 0:03:51]} Bxb8 {[%emt 0:00:02]} 27. Qe2 {[%emt 0:01:34]} h5 {[%emt 0:07:32]} 28. Qxc4 {[%emt 0:02:15]} Kh8 {[%emt 0:01:02]} 29. h3 {[%emt 0:02:06]} hxg4 {[%emt 0:01:45]} 30. hxg4 {[%emt 0:00:21]} g5 {[%emt 0:04:12]} 31. Qa6 {[%emt 0:05:29]} Kg7 {[%emt 0:00:56]} 32. c4 {[%emt 0:00:26]} Qc8 {[%emt 0:05:05]} 33. Qxc8 {[%emt 0:02:00]} Nxc8 {[%emt 0:00:02]} 34. c5 {[%emt 0:00:34]} Kf7 {[%emt 0:00:48]} 35. d6 {[%emt 0:01:08]} Ke8 {[%emt 0:00:47]} 36. Bc6+ {[%emt 0:01:22]} Kd8 {[%emt 0:00:12]} 37. Bd2 {[%emt 0:00:21]} 1-0

[Event "WSTCC-65 2020"]
[Site "Prague"]
[Date "2020.03.09"]
[Round "4.23"]
[White "Illi, Hans-Joerg"]
[Black "Kierzek, Matthias"]
[Result "0-1"]
[WhiteElo "1960"]
[BlackElo "2217"]
[Annotator "ChessBase"]
[PlyCount "82"]
[EventDate "2020.03.06"]
[EventType "team-tourn"]
[EventCountry "CZE"]
[SourceTitle "playchess.com"]
[Source "ChessBase"]
[SourceQuality "1"]
[TimeControl "40/5400+30:1800+30"]

1. e4 {[%emt 0:00:00]} c6 {[%emt 0:00:00]} 2. Nc3 {[%emt 0:01:08]} d5 {[%emt 0:00:00]} 3. Nf3 {[%emt 0:00:40]} Bg4 {[%emt 0:00:00]} 4. h3 {[%emt 0:02:23]} Bxf3 {[%emt 0:00:19]} 5. Qxf3 {[%emt 0:00:25]} e6 {[%emt 0:00:10]} 6. d4 {[%emt 0:01:04]} Nf6 {[%emt 0:00:21]} 7. exd5 {[%emt 0:10:46]} cxd5 {[%emt 0:01:13]} 8. Bb5+ {[%emt 0:01:50]} Nc6 {[%emt 0:00:56]} 9. O-O {[%emt 0:00:27]} Rc8 {[%emt 0:03:08]} 10. Ne2 {[%emt 0:01:37]} Qb6 {[%emt 0:05:28]} 11. Bxc6+ {[%emt 0:06:01]} Rxc6 {[%emt 0:00:10]} 12. c3 {[%emt 0:00:21]} Be7 {[%emt 0:05:00]} 13. Nf4 {[%emt 0:01:26]} O-O {[%emt 0:07:43]} 14. Nd3 {[%emt 0:14:12]} Ne4 {[%emt 0:11:31]} 15. Rd1 {[%emt 0:06:56]} f6 {[%emt 0:09:58]} 16. Be3 {[%emt 0:03:10]} Bd6 {[%emt 0:01:07]} 17. Qe2 {[%emt 0:01:58]} Qc7 {[%emt 0:01:24]} 18. a3 {[%emt 0:08:37]} f5 {[%emt 0:08:18]} 19. f4 {[%emt 0:16:49]} Qe7 {[%emt 0:07:38]} 20. Ne5 {[%emt 0:02:28]} Bxe5 {[%emt 0:00:15]} 21. dxe5 {[%emt 0:01:06]} a6 {[%emt 0:02:11]} 22. Rd4 {[%emt 0:02:04]} Rfc8 {[%emt 0:01:21]} 23. Rad1 {[%emt 0:06:19]} b5 {[%emt 0:01:59]} 24. Kh2 {[%emt 0:00:52]} Qh4 {[%emt 0:04:42]} 25. Qe1 {[%emt 0:00:24]} Qh5 {[%emt 0:00:37]} 26. Bf2 {[%emt 0:01:59]} Rc4 {[%emt 0:01:22]} 27. R1d3 {[%emt 0:01:24]} h6 {[%emt 0:03:14]} 28. Bg3 {[%emt 0:01:24]} Rxd4 29. Rxd4 {[%emt 0:00:09]} Rc4 {[%emt 0:04:36]} 30. Rd3 {[%emt 0:00:47]} Nxg3 {[%emt 0:08:52]} 31. Qxg3 {[%emt 0:00:23]} Qe2 {[%emt 0:00:08]} 32. Re3 {[%emt 0:00:21]} Qd2 {[%emt 0:00:55]} 33. Rf3 {[%emt 0:00:26]} Kh7 {[%emt 0:01:15]} 34. h4 {[%emt 0:00:09]} g6 {[%emt 0:01:27]} 35. h5 {[%emt 0:00:20]} g5 {[%emt 0:00:25]} 36. Rf2 {[%emt 0:00:58]} Qc1 {[%emt 0:00:43]} 37. fxg5 {[%emt 0:03:07]} hxg5 {[%emt 0:00:11]} 38. Qd3 {[%emt 0:01:32]} Rh4+ {[%emt 0:03:15]} 39. Kg3 {[%emt 0:00:04]} Kh6 {[%emt 0:00:55]} 40. Rxf5 {[%emt 0:00:00]} exf5 {[%emt 0:00:00]} 41. Qxf5 {[%emt 0:01:52]} Qe1+ {[%emt 0:01:54]} 0-1

[Event "WSTCC-65 2020"]
[Site "Prague"]
[Date "2020.03.09"]
[Round "4.24"]
[White "Herbrechtsmeier, Christof"]
[Black "Staechelin, Ruedi"]
[Result "1-0"]
[WhiteElo "2177"]
[BlackElo "1994"]
[Annotator "TA"]
[PlyCount "129"]
[EventDate "2020.03.06"]
[EventType "team-tourn"]
[EventCountry "CZE"]
[SourceTitle "playchess.com"]
[Source "ChessBase"]
[SourceQuality "1"]

{[%evp 10,129,128,97,98,98,98,92,95,95,100,91,85,82,128,100,175,126,135,131,173,135,131,127,146,110,205,119,139,143,149,108,127,126,114,106,144,135,137,114,148,131,220,195,201,155,256,270,237,234,335,341,358,338,333,236,284,282,264,266,260,241,255,247,324,293,346,324,423,371,403,419,405,418,399,411,437,430,431,431,398,382,458,458,445,468,600,448,441,424,920,808,920,525,906,911,921,850,871,793,831,800,832,863,807,851,691,522,728,684,1385,1322,1376,919,11522,3188,29977,29978,29978,29978,29972,12556]} 1. e4 e5 2. Nf3 Nc6 3. Bc4 Nf6 4. Ng5 Bc5 5. Bxf7+ Ke7 6. Bb3 Rf8 {C57: Two Knights: Wilkes-Barre/Traxler and 4 Ng5 d5 5 exd5, unusual Black 5th moves.} 7. d3 Qe8 8. Be3 {[#]} Bb6 $146 {White is better.} ({Predecessor:} 8... Bxe3 9. fxe3 Qg6 10. Nf3 Qh6 11. Qe2 d6 12. Nc3 Bg4 13. h3 Rae8 14. Rf1 Bd7 {½-½ (39) Poulos,G (2058)-Ignatiadis,K (2050) Athens 2018}) 9. Qe2 d6 10. Nd2 Qg6 {[#] And now ...Bxe3 would win.} 11. Ngf3 h6 12. O-O-O Ng4 (12... Bd7 $16) 13. h3 Nxe3 14. fxe3 Na5 15. d4 Nxb3+ 16. axb3 exd4 17. exd4 Kf7 (17... Bd7 $16 {is a better defense.} 18. e5 d5) 18. Qc4+ ({Better is} 18. Nh4 $18 Qg5 19. Rdf1+ Ke7 20. Nhf3) 18... Qe6 19. d5 Qe7 20. Rde1 Kg8 21. e5 Bf5 22. Re2 Kh8 23. Rhe1 Rad8 24. e6 c6 25. Qh4 Rfe8 (25... Rde8 $16) 26. Qh5 Bh7 27. Nh4 Qg5 (27... cxd5 $16 28. Ng6+ Bxg6 29. Qxg6 Bd4) 28. Qxg5 $18 hxg5 {[#]} 29. Nhf3 $1 Re7 (29... cxd5 $142 30. Nxg5 Kg8) 30. Nxg5 Bg6 31. dxc6 bxc6 32. c3 Kg8 {If Black can now play ...Bd3 this consolidates a bit.} 33. Nc4 Bc7 34. Rd2 Be8 35. Ne3 {Black must now prevent Nf5.} Bg6 36. Rf1 Bb6 37. Nc4 Bc7 38. b4 {[%cal Bb3b4,Bb4a5][%mdl 32]} Be8 39. Rdf2 {[%csl Gf1][%cal Rf2f8]} Bg6 40. Na5 Bxa5 41. bxa5 Rde8 42. Kd2 Rb7 43. b4 Rb5 {Strongly threatening ...Rd5+.} 44. h4 Rd5+ 45. Kc1 Re5 46. Rd1 d5 47. Kd2 Bf5 48. Re1 Rxe1 49. Kxe1 Bxe6 {[%mdl 4096] Endgame KRB-KRN} (49... g6 $142 50. Kd2 Kg7) 50. Re2 Bd7 51. Rxe8+ Bxe8 {KB-KN} 52. Kd2 Kf8 53. Ke3 Ke7 54. Kd4 Kd6 55. g4 Bg6 56. Nf3 Bc2 57. Ne5 Bd1 58. c4 dxc4 59. Nxc4+ Kc7 60. Ne3 Bf3 61. h5 Be2 62. Nf5 Bxg4 63. Nxg7 {White mates.} Bd1 64. h6 Bc2 65. Ne6+ {Accuracy: White = 83%, Black = 45%.} 1-0

[Event "WSTCC-65 2020"]
[Site "Prague"]
[Date "2020.03.09"]
[Round "4.25"]
[White "Vogt, Lothar"]
[Black "Beilfuss, Wilfried"]
[Result "1-0"]
[WhiteElo "2352"]
[BlackElo "2205"]
[Annotator "TA"]
[PlyCount "45"]
[EventDate "2020.03.06"]
[EventType "team-tourn"]
[EventCountry "CZE"]
[SourceTitle "playchess.com"]
[Source "ChessBase"]
[SourceQuality "1"]

{[%evp 27,45,60,60,70,66,61,55,41,49,37,58,39,77,80,242,245,437,447,393,303]} 1. e4 c5 2. Nf3 e6 3. d4 cxd4 4. Nxd4 a6 5. Bd3 Nf6 6. O-O Qc7 7. Qe2 d6 8. c4 g6 9. Nc3 Bg7 10. Be3 O-O 11. Rac1 b6 12. f3 Bb7 13. Rfd1 Nbd7 14. Qf2 Rac8 15. Bf1 {B42: Sicilian: Kan Variation: 5 Bd3.} Qb8 16. b4 Ne5 17. Na4 {White is slightly better.} Nfd7 {[#]} 18. h3 $146 ({Predecessor:} 18. Qd2 Rfd8 19. Nb3 Bc6 20. b5 Nc5 21. Nxb6 Qxb6 22. bxc6 Nxc6 23. Qf2 Na5 24. Bg5 {½-½ (69) Rasik,V (2466)-Laznicka,V (2517) Germany 2006}) 18... Ba8 19. a3 Rfe8 20. Nb3 {[%cal Ra4b6]} Nxc4 $2 {[#]} (20... Rc6 $16 {was worth a try.}) 21. Bxc4 $18 ({Worse is} 21. Rxc4 Rxc4 22. Bxc4 b5 $11) 21... b5 $2 (21... Rxc4 22. Rxc4 b5) 22. Ba7 Qb7 23. Bf1 {Black did not feel at home in the position after the opening. Accuracy: White = 89%, Black = 52%.} 1-0

[Event "WSTCC-65 2020"]
[Site "Prague"]
[Date "2020.03.09"]
[Round "4.26"]
[White "Becker, Norbert"]
[Black "Sandmeier, Toni"]
[Result "1/2-1/2"]
[WhiteElo "2107"]
[BlackElo "2190"]
[Annotator "ChessBase"]
[PlyCount "40"]
[EventDate "2020.03.06"]
[EventType "team-tourn"]
[EventCountry "CZE"]
[SourceTitle "playchess.com"]
[Source "ChessBase"]
[SourceQuality "1"]
[TimeControl "40/5400+30:1800+30"]

1. Nf3 {[%emt 0:00:00]} g6 {[%emt 0:00:00]} 2. e4 {[%emt 0:00:49]} Nf6 {[%emt 0:00:04]} 3. Nc3 {[%emt 0:00:42]} d6 {[%emt 0:00:11]} 4. d4 {[%emt 0:00:35]} Bg7 {[%emt 0:00:09]} 5. Bf4 {[%emt 0:05:28]} O-O {[%emt 0:00:40]} 6. Qd2 {[%emt 0:01:00]} c6 {[%emt 0:04:46]} 7. Bh6 {[%emt 0:01:07]} b5 {[%emt 0:00:49]} 8. Bxg7 {[%emt 0:06:29]} Kxg7 {[%emt 0:00:11]} 9. a3 {[%emt 0:01:54]} a5 {[%emt 0:06:43]} 10. Bd3 {[%emt 0:07:46]} Bg4 {[%emt 0:08:04]} 11. Qf4 {[%emt 0:03:34]} Bxf3 {[%emt 0:08:29]} 12. Qxf3 {[%emt 0:00:25]} Nbd7 {[%emt 0:02:12]} 13. O-O {[%emt 0:04:43]} Qb6 {[%emt 0:00:53]} 14. Ne2 {[%emt 0:06:43]} e5 {[%emt 0:06:30]} 15. c3 {[%emt 0:01:05]} Rfe8 {[%emt 0:07:54]} 16. Bc2 {[%emt 0:05:28]} c5 {[%emt 0:15:46]} 17. d5 {[%emt 0:03:50]} c4 {[%emt 0:09:52]} 18. g4 {[%emt 0:04:13]} h6 {[%emt 0:01:57]} 19. Ng3 {[%emt 0:01:50]} Nh7 {[%emt 0:00:59]} 20. Kg2 {[%emt 0:06:15]} Qd8 {[%emt 0:00:43]} 1/2-1/2

[Event "WSTCC-65 2020"]
[Site "Prague"]
[Date "2020.03.09"]
[Round "4.27"]
[White "Dekan, Hans"]
[Black "Mueller, Gerhard"]
[Result "1/2-1/2"]
[WhiteElo "2099"]
[BlackElo "2095"]
[Annotator "ChessBase"]
[PlyCount "37"]
[EventDate "2020.03.06"]
[EventType "team-tourn"]
[EventCountry "CZE"]
[SourceTitle "playchess.com"]
[Source "ChessBase"]
[SourceQuality "1"]
[TimeControl "40/5400+30:1800+30"]

1. e4 {[%emt 0:00:00]} c5 {[%emt 0:00:00]} 2. Nf3 {[%emt 0:00:00]} d6 {[%emt 0:00:00]} 3. d4 {[%emt 0:00:04]} cxd4 {[%emt 0:00:00]} 4. Nxd4 {[%emt 0:00:10]} Nf6 {[%emt 0:00:00]} 5. Nc3 {[%emt 0:00:15]} a6 {[%emt 0:00:00]} 6. Be2 {[%emt 0:00:16]} e5 {[%emt 0:00:03]} 7. Nb3 {[%emt 0:01:01]} Be7 {[%emt 0:00:06]} 8. Bg5 {[%emt 0:01:29]} Nbd7 {[%emt 0:07:20]} 9. Qd3 {[%emt 0:03:40]} O-O {[%emt 0:02:04]} 10. O-O-O {[%emt 0:01:44]} b5 {[%emt 0:01:08]} 11. a4 {[%emt 0:01:55]} b4 {[%emt 0:03:57]} 12. Bxf6 {[%emt 0:00:34]} Nxf6 {[%emt 0:01:39]} 13. Nd5 {[%emt 0:00:12]} Nxd5 {[%emt 0:00:37]} 14. Qxd5 {[%emt 0:00:08]} Be6 {[%emt 0:01:31]} 15. Qa5 {[%emt 0:04:29]} Bg5+ {[%emt 0:03:32]} 16. Kb1 {[%emt 0:00:40]} Bxb3 {[%emt 0:00:11]} 17. Qxd8 {[%emt 0:00:22]} Bxc2+ {[%emt 0:00:08]} 18. Kxc2 {[%emt 0:00:08]} Rfxd8 {[%emt 0:00:10]} 19. Kb3 {[%emt 0:02:34]} 1/2-1/2

[Event "WSTCC-65 2020"]
[Site "Prague"]
[Date "2020.03.09"]
[Round "4.28"]
[White "Thoele, Wolfgang"]
[Black "Staub, Gerhard"]
[Result "1/2-1/2"]
[WhiteElo "1875"]
[BlackElo "1986"]
[Annotator "ChessBase"]
[PlyCount "43"]
[EventDate "2020.03.06"]
[EventType "team-tourn"]
[EventCountry "CZE"]
[SourceTitle "playchess.com"]
[Source "ChessBase"]
[SourceQuality "1"]
[TimeControl "40/5400+30:1800+30"]

1. e4 {[%emt 0:00:00]} c5 {[%emt 0:00:00]} 2. Nc3 {[%emt 0:00:00]} Nc6 {[%emt 0:00:00]} 3. d3 {[%emt 0:00:06]} g6 {[%emt 0:01:07]} 4. Be3 {[%emt 0:00:37]} d6 {[%emt 0:00:52]} 5. Qd2 {[%emt 0:01:52]} Bg7 {[%emt 0:01:16]} 6. g3 {[%emt 0:03:01]} b5 {[%emt 0:04:49]} 7. Bg2 {[%emt 0:03:43]} b4 {[%emt 0:06:02]} 8. Nd1 {[%emt 0:00:27]} Bb7 {[%emt 0:05:43]} 9. Ne2 {[%emt 0:01:48]} e6 {[%emt 0:04:45]} 10. O-O {[%emt 0:01:24]} Nge7 {[%emt 0:01:19]} 11. Bh6 {[%emt 0:08:24]} O-O {[%emt 0:01:44]} 12. Bxg7 {[%emt 0:00:08]} Kxg7 {[%emt 0:00:40]} 13. Ne3 {[%emt 0:02:25]} a5 {[%emt 0:06:27]} 14. f4 {[%emt 0:03:33]} f5 {[%emt 0:01:48]} 15. exf5 {[%emt 0:06:01]} Nxf5 {[%emt 0:03:15]} 16. Nxf5+ {[%emt 0:00:29]} gxf5 {[%emt 0:06:58]} 17. Qe3 {[%emt 0:18:03]} Qb6 {[%emt 0:04:58]} 18. c3 {[%emt 0:07:30]} Rae8 {[%emt 0:09:28]} 19. d4 {[%emt 0:11:21]} cxd4 {[%emt 0:00:58]} 20. Nxd4 {[%emt 0:05:01]} Nxd4 {[%emt 0:00:22]} 21. Qxd4+ {[%emt 0:03:04]} Qxd4+ {[%emt 0:00:05]} 22. cxd4 1/2-1/2

[Event "WSTCC-65 2020"]
[Site "Prague"]
[Date "2020.03.09"]
[Round "4.29"]
[White "Rooze, Jan"]
[Black "Pribyl, Josef"]
[Result "1-0"]
[WhiteElo "2245"]
[BlackElo "2225"]
[Annotator "RC"]
[PlyCount "107"]
[EventDate "2020.03.06"]
[EventType "team-tourn"]
[EventCountry "CZE"]
[SourceTitle "playchess.com"]
[Source "ChessBase"]
[SourceQuality "1"]
[TimeControl "40/5400+30:1800+30"]

1. e4 {[%emt 0:00:00]} d6 {[%emt 0:00:00]} 2. d4 {[%emt 0:00:00]} Nf6 {[%emt 0:00:00]} 3. Nc3 {[%emt 0:00:00]} g6 {[%emt 0:00:00]} 4. Nf3 {[%emt 0:00:00]} Bg7 {[%emt 0:00:02]} 5. Be2 {[%emt 0:00:02]} O-O {[%emt 0:00:16]} 6. O-O {[%emt 0:00:05]} c6 {[%emt 0:01:25]} 7. a4 {[%emt 0:00:34]} a5 {[%emt 0:00:23]} 8. h3 {[%emt 0:03:59]} Na6 {[%emt 0:00:02]} 9. Be3 {[%emt 0:00:54]} Nb4 {[%emt 0:00:02]} 10. Qd2 {[%emt 0:10:08]} Qc7 {[%emt 0:00:03]} 11. Rad1 {[%emt 0:08:10]} Re8 {[%emt 0:00:30]} 12. Qc1 {[%emt 0:09:14]} Bd7 {[%emt 0:00:51]} 13. Rfe1 {[%emt 0:08:04]} Rad8 {[%emt 0:00:11]} 14. Bc4 {[%emt 0:04:27]} Bc8 {[%emt 0:07:20]} 15. Bb3 {[%emt 0:01:44]} e6 {[%emt 0:14:22]} 16. Bf4 {[%emt 0:05:43]} Rd7 {[%emt 0:02:42]} 17. e5 {[%emt 0:03:41]} Nfd5 {[%emt 0:06:08]} 18. exd6 Qd8 {[%emt 0:00:06]} 19. Be5 {[%emt 0:04:36]} Nf6 {[%emt 0:11:42]} 20. Ne4 {[%emt 0:03:07]} b6 {[%emt 0:04:31]} 21. Bxf6 {[%emt 0:03:30]} Bxf6 {[%emt 0:00:03]} 22. Ne5 {[%emt 0:00:04]} Rxd6 {[%emt 0:02:15]} 23. Nxd6 {[%emt 0:02:11]} Qxd6 {[%emt 0:00:03]} 24. Qf4 {[%emt 0:01:29]} Qe7 {[%emt 0:03:53]} 25. c3 {[%emt 0:01:21]} Nd5 {[%emt 0:00:39]} 26. Qf3 {[%emt 0:02:19]} Bb7 {[%emt 0:00:42]} 27. Bxd5 {[%emt 0:04:02]} cxd5 {[%emt 0:00:23]} 28. Qd3 {[%emt 0:00:56]} Qc7 {[%emt 0:02:06]} 29. Re3 {[%emt 0:02:04]} Bg7 {[%emt 0:01:29]} 30. Rde1 {[%emt 0:00:43]} f6 {[%emt 0:03:53]} 31. Nf3 {[%emt 0:00:21]} e5 {[%emt 0:00:42]} 32. dxe5 {[%emt 0:01:37]} fxe5 {[%emt 0:00:03]} 33. Qe2 {[%emt 0:06:26]} e4 {[%emt 0:00:36]} 34. Nd4 {[%emt 0:00:19]} Be5 {[%emt 0:05:59]} 35. Qb5 {[%emt 0:04:53]} Re7 {[%emt 0:03:12]} 36. R3e2 {[%emt 0:00:19]} Bh2+ {[%emt 0:01:34]} 37. Kh1 {[%emt 0:01:07]} Be5 {[%emt 0:01:00]} 38. Nc2 {[%emt 0:01:20]} Bc6 {[%emt 0:07:45]} 39. Qb3 {[%emt 0:00:57]} Kg7 {[%emt 0:00:02]} 40. Ne3 {[%emt 0:00:00]} Rd7 {[%emt 0:00:00]} 41. Rd1 {[%emt 0:05:00]} Qd8 {[%emt 0:04:09]} 42. Red2 {[%emt 0:02:04]} Bf4 {[%emt 0:09:12]} 43. Rd4 {[%emt 0:03:10]} Be5 {[%emt 0:03:03]} 44. Rxd5 {[%emt 0:01:55]} Bxd5 {[%emt 0:01:28]} 45. Rxd5 {[%emt 0:00:07]} Bc7 {[%emt 0:01:07]} 46. Qc4 {[%emt 0:01:11]} Rxd5 {[%emt 0:03:05]} 47. Nxd5 {[%emt 0:00:16]} Bd6 {[%emt 0:01:47]} 48. Qxe4 {[%emt 0:01:32]} Qg5 {[%emt 0:04:31]} 49. g3 {[%emt 0:01:36]} Bc5 {[%emt 0:04:18]} 50. Kg2 {[%emt 0:01:19]} Qd2 {[%emt 0:01:14]} 51. Qe5+ {[%emt 0:01:51]} Kg8 {[%emt 0:02:41]} 52. Nf6+ {[%emt 0:01:55]} Kf7 {[%emt 0:00:12]} 53. Ne4 {[%emt 0:01:28]} Qd7 {[%emt 0:02:36]} 54. Qf6+ {[%emt 0:03:18]} 1-0

[Event "WSTCC-65 2020"]
[Site "Prague"]
[Date "2020.03.09"]
[Round "4.30"]
[White "Jurek, Josef"]
[Black "Van Herck, Marcel"]
[Result "1/2-1/2"]
[WhiteElo "2254"]
[BlackElo "2056"]
[Annotator "TA"]
[PlyCount "104"]
[EventDate "2020.03.06"]
[EventType "team-tourn"]
[EventCountry "CZE"]
[SourceTitle "playchess.com"]
[Source "ChessBase"]
[SourceQuality "1"]

{[%evp 30,104,33,33,38,38,56,39,51,37,39,22,18,22,22,22,22,22,86,23,25,23,23,23,23,23,25,35,35,60,34,30,108,119,143,13,17,23,28,0,7,0,6,0,13,0,0,0,0,0,0,0,0,0,0,0,0,0,0,0,0,0,0,0,0,0,0,0,0,0,0,0,0,0,0,0,0]} 1. d4 Nf6 2. c4 e6 3. Nf3 d5 4. g3 c6 5. Qc2 Be7 6. Bg2 O-O 7. O-O Nbd7 8. b3 b6 9. Rd1 Bb7 10. Nc3 Rc8 11. e4 dxe4 12. Nxe4 c5 13. Nxf6+ Bxf6 14. Ng5 Bxg5 15. Bxb7 Rc7 16. dxc5 {[#] Hoping for c6.} Bxc1 {E08: Closed Catalan: Main Line: 7 Qc2.} 17. Raxc1 bxc5 18. Be4 g6 {[#] White is slightly better.} 19. Qc3 $146 ({Predecessor:} 19. Rd2 Qe7 20. Rcd1 Nf6 21. Bf3 a5 22. Qc3 Ra7 23. Bc6 Rc8 24. Qf3 Kg7 25. Bb5 {½-½ (56) Cherniaev,A (2509)-Alavkin,A (2498) Krasnodar 2002}) 19... Qe7 20. Qa5 Nf6 21. Bf3 Rd8 22. Rxd8+ Qxd8 23. Rd1 Qb8 (23... Qe7 $11) 24. a3 (24. h4 $16) 24... Rd7 $11 25. Qxc5 {Black must now prevent b4.} Qxb3 26. Qc8+ Kg7 27. Rxd7 Nxd7 28. Qxd7 Qxf3 {[%mdl 4096] Endgame KQ-KQ} 29. Qd4+ Qf6 30. Qe3 a6 (30... Qa1+ $11 {remains equal.} 31. Kg2 Qb1) 31. c5 $16 e5 {[#]} 32. Qc3 (32. a4 $1 $16) 32... e4 $11 33. Qc1 {Strongly threatening c6.} Qc6 34. h4 Kf6 {The position is equal.} 35. Qc4 Ke7 36. a4 f5 37. a5 e3 38. fxe3 Qf3 39. Qd4 Qxg3+ 40. Kf1 Qf3+ 41. Ke1 Qc6 42. Qe5+ Qe6 43. Qc7+ Ke8 44. Kf2 Qa2+ 45. Kg3 Qe6 46. Qb8+ Kf7 47. Qb7+ Ke8 48. Kf3 h6 49. Qb4 Kd7 50. Qb7+ Ke8 51. Kf2 Qa2+ 52. Kf3 Qe6 {Accuracy: White = 87%, Black = 90%.} 1/2-1/2